| 000 | 00710nam a2200217 i 4500 | ||
|---|---|---|---|
| 001 | 145854 | ||
| 003 | ES-MaACL | ||
| 005 | 20250817062559.0 | ||
| 007 | t| | ||
| 008 | 071017s1979 sp ||||1| spa d | ||
| 100 | 1 |
_aVega, Daniel S. _9113542 |
|
| 245 | 1 | 0 |
_aJ. S. Bach y los sistemas contrapuntísticos _b: antología para el estudio del contrapunto / _cDaniel S. Vega. |
| 260 |
_aMadrid : _bFundación Juan March, _c[1979] |
||
| 300 |
_a50 p. ; _c21 cm. |
||
| 490 | 1 | _aSerie universitaria | |
| 600 | 0 | 4 |
_aBach, Johann Sebastian, _d1685-1750 _924454 |
| 710 | 2 |
_aFundación Juan March _94346 |
|
| 830 | 0 |
_aSerie universitaria _9180747 |
|
| 852 |
_aES-MaACL _j2110-F-8 _bR.99504 |
||
| 999 |
_c145854 _d145854 |
||